| 000 | 00549nam a2200193Ia 4500 | ||
|---|---|---|---|
| 999 |
_c14813 _d14813 |
||
| 003 | OSt | ||
| 005 | 20201027105932.0 | ||
| 008 | 190216s9999||||xx |||||||||||||| ||und|| | ||
| 020 | _a9788130904535 | ||
| 040 | _coclc | ||
| 082 |
_a823.912 _bBLO/A |
||
| 100 |
_aBloom, Harold _95352 |
||
| 245 | 0 |
_aAldous Huxley's Brave New World / _cHarold Bloom |
|
| 250 | _a1st Ed. | ||
| 260 |
_bViva Book Private Limited , _c2007. _aNew Delhi: |
||
| 300 | _a96p | ||
| 650 | _aEnglish | ||
| 942 |
_cBK _2ddc _h823.912 _iBLO/A _k823.912 _mBLO/A |
||